000
00195nam a22000977a 4500
999
_c
16242
_d
16242
003
OSt
008
200625b ||||| |||| 00| 0 eng d
100
_a
M.T
_9
4641
245
_a
Asuravith
942
_c
BK